00258nam a22000977a 4500020001800000082001200018100002400030245005600054260004200110300000800152 a9788126905911 a330.156 aKeynes,John Maynard aThe General Theory of Employment,Interest and Money aNew DelhibAtlantic publishersc2010. a351